Bandiere città italiane - Statistics

Statistiche generali
  • Questo quiz è stato fatto 39 volte
  • Il punteggio medio è 10 su 16
Statistiche sulle risposte
con Immagini Risposta % Corretto
Firenze
97%
Venezia
94%
Torino
88%
Milano
78%
Verona
69%
Aosta
66%
Catanzaro
66%
Napoli
63%
Bologna
59%
Taranto
59%
Palermo
56%
Ancona
44%
Modena
38%
Potenza
38%
Campobasso
34%
Pescara
31%
Nessun quiz corrispondente trovato
Distribuzione punteggi
Percentuale di utenti per punteggio
Percentile per numero di risposta
I tuoi punteggi nel tempo
Non hai fatto questo quiz